• 首页
  • 本馆介绍
  • 公告通知
  • 最新文献
  • 馆藏检索
  • 电子资源
  • 读者导购
  • 参考咨询
  • 我的图书馆
  • 登录
  • 详细信息显示
  • 放入我的书架
  • 预约/预借图书
  • 作者相关作品
  • 分类相关作品
  • 丛书相关作品
  • 出版社相关作品

书目信息

  • 表格格式
  • 工作单格式
  • 卡片格式
题名:
凡·高
    
 
作者: 康志刚 编著
分册:  
出版信息: 沈阳   辽海出版社  1998
页数: 218页
开本: 20cm
丛书名:
单 册:
中图分类: K835.635.7
科图分类:
主题词:
电子资源:
ISBN: 7-80638-906-7
000 00730nam2 2200265 45
001 0199004690
005 20101117100300.96
009 0199004690
010    @a7-80638-906-7@dCNY15.00
100    @a19990120d1998 am y0chiy0121 ea
101 0  @achi
102    @aCN@b210000
105    @ac z 000yb
200 10 @a凡·高@Afan · gao@f康志刚编著
210    @a沈阳@c辽海出版社@d1998
215    @a218页@c肖像@d20cm
225 2  @a@i巨人百传丛书@i文学艺术家卷
300    @a布老虎传记文库
410  0 @120010@a@i巨人百传丛书@i文学艺术家卷
410  0 @120010@a巨人百传丛书
600  1 @a凡高@bV.@x传记
690    @aK835.635.7@v4
701  0 @a康志刚@Akang zhi gang@4编著
801  0 @aCN@bNLC@c20101117
905    @aBZT@dK835.635.7@e1
    
    凡·高/康志刚编著.-沈阳:辽海出版社,1998
    218页:肖像;20cm.-(.巨人百传丛书.文学艺术家卷)
    布老虎传记文库
    
    ISBN 7-80638-906-7:CNY15.00
    
●
相关链接 在五车中查询图书 在当当中查询图书 在豆瓣中查询图书


正题名:凡·高     索取号:K835.635.7/1         预约/预借

序号 登录号 条形码 馆藏地/架位号 状态 备注
1 392306   210212928   中心书库南/016架A面2层4列/ [索取号:K835.635.7/1] 在馆    
2 392307   210212893   中心书库南/016架A面2层4列/ [索取号:K835.635.7/1] 在馆    
3 392308   210212900   中心书库南/016架A面2层4列/ [索取号:K835.635.7/1] 在馆    
4 392309   210212875   中心书库南/016架A面2层4列/ [索取号:K835.635.7/1] 在馆    
5 392310   210212884   中心书库南/016架A面2层4列/ [索取号:K835.635.7/1] 在馆    
6 392311   210212857   中心书库南/016架A面2层4列/ [索取号:K835.635.7/1] 在馆    
7 392312   210212866   中心书库南/016架A面2层4列/ [索取号:K835.635.7/1] 在馆    
8 392313   210212839   中心书库南/016架A面2层4列/ [索取号:K835.635.7/1] 在馆    
9 392314   210212848   中心书库南/016架A面2层4列/ [索取号:K835.635.7/1] 在馆    
10 392315   210212811   中心书库南/016架A面2层4列/ [索取号:K835.635.7/1] 在馆    
11 464514   230056117   中心书库南/016架A面2层4列/ [索取号:K835.635.7/1] 在馆    
12 464515   230056116   中心书库南/016架A面2层4列/ [索取号:K835.635.7/1] 在馆    
13 464516   230056114   中心书库南/016架A面2层4列/ [索取号:K835.635.7/1] 在馆    
14 464517   230056115   中心书库南/016架A面2层4列/ [索取号:K835.635.7/1] 在馆    
15 464518   230056113   中心书库南/016架A面2层4列/ [索取号:K835.635.7/1] 在馆    
山东省滨州职业学院图书馆 欢迎您!
大连网信软件有限公司© 版权所有